01134nam a2200301 a 4500001001200000003000800012006001900020007001500039008004100054020003000095020002500125020002700150040002100177035002100198050002700219082001500246100002000261245009600281260002900377300001500406504005100421533015200472600001900624655002900643710001700672856012600689999001700815ebr10723938CaPaEBRm o u cr cn|||||||||130711s2013 enk sb 001 0beng d z9781844655533 (hardcover) z9781844655540 (pbk.) z9781844655557 (e-book) aCaPaEBRcCaPaEBR a(OCoLC)85456951414aB2430.B274bP44 2013eb04a230.012231 aPhelps, Hollis.10aAlain Badiouh[electronic resource] :bbetween theology and anti-theology /cHollis Phelps. aDurham :bAcumen,c2013. aix, 182 p. aIncludes bibliographical references and index. aElectronic reproduction.bPalo Alto, Calif. :cebrary,d2013.nAvailable via World Wide Web.nAccess may be limited to ebrary affiliated libraries.10aBadiou, Alain. 7aElectronic books.2local2 aebrary, Inc.40uhttp://site.ebrary.com/lib/rucke/Doc?id=10723938zAn electronic book accessible through the World Wide Web; click to view c38458d38458